De la fécondation naturelle et artificielle des végétaux et de l'hybridation considérée dans ses rapports avec l'horticulture, l'agriculture et la sylviculture (Record no. 157414)

MARC details
000 -LEADER
campo de control de longitud fija 00985nam a22002055i 4500
001 - NÚMERO DE CONTROL
campo de control 157414
003 - IDENTIFICADOR DE NÚMERO DE CONTROL
campo de control ES-MaACL
005 - FECHA Y HORA DE LA ÚLTIMA TRANSACCIÓN
campo de control 20230906210659.0
008 - DATOS DE LONGITUD FIJA--INFORMACIÓN GENERAL
campo de control de longitud fija 040823s1862 fr af |||| | fre d
040 ## - FUENTE DE CATALOGACIÓN
Centro catalogador/agencia de origen CAM
Lengua de catalogación spa
Centro/agencia transcriptor CAM
100 1# - ENTRADA PRINCIPAL--NOMBRE DE PERSONA
Nombre de persona Lecoq, Henri.
9 (RLIN) 128821
245 10 - MENCIÓN DEL TÍTULO
Título De la fécondation naturelle et artificielle des végétaux et de l'hybridation considérée dans ses rapports avec l'horticulture, l'agriculture et la sylviculture
Resto del título : contenant les moyens pratiques d'opérer l'hybridation et de créer facilement des variétés nouvelles /
Mención de responsabilidad, etc. par Henri Lecoq.
250 ## - MENCION DE EDICION
Mención de edición 2e éd. avec 106 gravures.
260 ## - PUBLICACIÓN, DISTRIBUCIÓN, ETC.
Lugar de publicación, distribución, etc. Paris :
Nombre del editor, distribuidor, etc. Librairie Agricole de la Maison Rustique,
Fecha de publicación, distribución, etc. 1862 (
Fabricante Imp. Simon Raçon et C.)
300 ## - DESCRIPCIÓN FÍSICA
Extensión XX, 425 p., [2] h. lám. :
Otras características físicas il. ;
Dimensiones 23 cm.
599 ## - NOTA A LAS ILUSTRACIONES
NOTA A LAS ILUSTRACIONES Las hh. de lám.: "Exemples de formes de grains de polens"
650 04 - PUNTO DE ACCESO ADICIONAL DE MATERIA--TÉRMINO DE MATERIA
Término de materia o nombre geográfico como elemento de entrada Horticultura.
9 (RLIN) 13480
650 ## - PUNTO DE ACCESO ADICIONAL DE MATERIA--TÉRMINO DE MATERIA
Término de materia o nombre geográfico como elemento de entrada Plantas-
Subdivisión general Reproducción.
9 (RLIN) 136715
852 ## - LOCALIZACIÓN
Ubicación ES-MaACL
Número de control de estantería C-12017
Nota libre -- Enc. pasta española
Holdings
Estatus retirado Estado de pérdida Estado de daño No para préstamo Colección Biblioteca de origen Biblioteca actual Ubicación en estantería Fecha de adquisición Fuente de adquisición Total de préstamos Signatura topográfica completa Código de barras Visto por última vez Precio de reemplazo Tipo de ítem Koha
        Libros del s. XIX Biblioteca del Ateneo de Madrid Biblioteca del Ateneo de Madrid Sala Palomar 17/01/2008     C-12017 1164731 23/02/2023 23/02/2023 Libro impreso antiguo